000 00649nam a2200289Ia 4500
005 20260324122837.0
008 008 260324s9999 xx 000 0 eng d
020 _a9781315127699
037 _aEBOOK
040 _aCRL
040 _beng
040 _cCRL
041 _2eng
041 _aeng
084 _qCRL
100 _aLouis Breger
_91168034
245 0 _aPsychotherapy
245 0 _bLives Intersecting
260 _bTaylor and Francis
260 _c2012
365 _a
365 _b230
856 _uhttp://www.taylorfrancis.com/books/9781315127699
942 _cEBOOK
999 _c1761072
_d1761072